Ứng dụng FoxPro trong quản lý : Phân tích hệ thống và lập trình nâng cao. t.II /
Sparad:
| Huvudupphovsman: | |
|---|---|
| Övriga upphovsmän: | |
| Materialtyp: | Sách giấy |
| Språk: | Vietnamese |
| Publicerad: |
Đồng Nai :
Đồng Nai,
1995.
|
| Ämnen: | |
| Taggar: |
Lägg till en tagg
Inga taggar, Lägg till första taggen!
|
| Thư viện lưu trữ: | Thư viện Trường Đại học Đà Lạt |
|---|
| LEADER | 00788nam a2200289 4500 | ||
|---|---|---|---|
| 001 | DLU020004335 | ||
| 005 | ##19990603 | ||
| 040 | # | # | |a DLU |b vie |
| 041 | # | # | |a vie |
| 044 | # | # | |a vn |
| 082 | # | # | |a 005.756 |b NG-T |
| 100 | # | # | |a Nguyễn An Tế. |
| 245 | # | # | |a Ứng dụng FoxPro trong quản lý : |b Phân tích hệ thống và lập trình nâng cao. |n t.II / |c Nguyễn An Tế, Lê Đình Thắng. |
| 260 | # | # | |a Đồng Nai : |b Đồng Nai, |c 1995. |
| 300 | # | # | |a 112 tr. ; |c 27 cm. |
| 650 | # | # | |a FoxPro (Tệp máy tính). |
| 650 | # | # | |a Quản lý dữ liệu. |
| 700 | # | # | |a Lê Đình Thắng. |
| 992 | # | # | |a 14500 |
| 994 | # | # | |a DLU |
| 900 | # | # | |a False |
| 911 | # | # | |a Administrator |
| 925 | # | # | |a G |
| 926 | # | # | |a A |
| 927 | # | # | |a SH |
| 980 | # | # | |a Thư viện Trường Đại học Đà Lạt |